000 00865nam a2200289 i 4500
003 EG-GICUC
005 20260309092729.0
008 260309s1944 -us ||fr|||| 000 0 eng d
040 _aEG-GiCUC
_beng
_cEG-GiCUC
_dEG-GiCUC
_erda
041 0 _aeng
082 0 4 _221
_a341.33
_bMI . V
092 0 4 _221
099 _aLaw1 11 341.33 MI . V 1944
100 1 _aMiller, Douglas
_eAuthor.
245 1 0 _aVia Diplomatic Pouch /
_cBy Douglas Miller.
264 1 _aNew York :
_bDidier,
_c1944.
300 _a148 pages,
_c24 cm
336 _2rda content
_atext
337 _2rda media
_aComputer
338 _2rda carrier
_aOnline Resource
504 _aBibliography: pages 147-148.
546 _aText in English
650 1 4 _aPublic international law
856 4 0 _uhttps://fll.law.cu.edu.eg/fulltext/bks/B11-06896.pdf
905 _a48
942 _2ddc
_cBK
_e21
_n0
999 _c65874
_d65874